000
00279nam a2200097Ia 4500
082
_a
551.9 EBY
245
0
_a
Principles of environmental geochemistry
100
_a
EBY, G Nelson Pacific Grove, CA, 2004
_9
76139
942
_c
BK
008
210817s9999 xx 000 0 und d
999
_c
252700
_d
252699